| 000 | 00587nam a22001815i 4500 | ||
|---|---|---|---|
| 001 | 171906 | ||
| 003 | ES-MaACL | ||
| 005 | 20230906214749.0 | ||
| 008 | 090608s1979 xxu |||| | eng d | ||
| 100 | 1 |
_aMeichenbaum, Donald. _979823 |
|
| 245 | 1 | 0 |
_aCognitive-behavior modification _b: an integrative approach / _cby Donald Meichenbaum. |
| 260 |
_aNew York : _bPlenum Press, _c[1979] |
||
| 300 |
_a305 p. ; _c24 cm. |
||
| 490 | 1 | _aPlenum behavior therapy series | |
| 830 | 0 |
_aPlenum behavior therapy series _9223231 |
|
| 852 |
_aES-MaACL _jL-7290 _9R.107956 |
||
| 999 |
_c171906 _d171906 |
||